1331 1419 1802 1433 1951 1238 1860 1455 1297 1524 1003 1865 1339 1770 1208 1552 1081 1187 1942 1167 1079 1970 1376 1599 1712 1781 1948 1370 1011 1161 1120 1759 1685 1086 1568 1518 1660 1587 1913 1710 1307 1340 1135 1543 1849 1366 1417 1172 1071 1727 1512 1286 1733 1208 1058 1270 1407 1622 1320 1689 1868 1139 1180 1386 1570 1892 1358 1254 1050 1736 1380 1476 1616 1330 1261 1105 1075 1414 1556 1507 1913 1207 1576 1361 1925 1737 1102 1091 1309 1655 1442 1700 1003 1773 1914 1685 1678 1097 1354 BCNSPRNW ULIB Ver.6.0+V

เปลี่ยนเป็นภาษาไทย

Change to English
 แสดงรายละเอียดบรรณานุกรม
  กลับหน้าหลัก

Brief Record : Get Marc (ISO 2709) : E-mail record : QR code < ปิดหน้าต่าง
LEADER : 00000nam 2200000uu 4500
001    13399110994
003     ULIB
008    110614s2011||||th 000 0 eng d
020    9781437708608 (hardcover)
060 04 WY106^bC734 2011
245 00 Community/public health nursing :^bpromoting the health ofpopulations /^c[edited by] Mary A. Nies, Melanie McEwen
250    5th ed.
260    St. Louis, Mo. :^bElsevier/Saunders,^c2011
300    xxv, 693 p. : ^bill. ;^c28 cm.
504    Includes bibliographical references and index
650  2 Community Health Nursing
650  2 Public Health Nursing
650  2 Health Promotion
700 1  Nies, Mary A. ^q(Mary Albrecht),^eed.
700 1  McEwen, Melanie,^eed.
945    ^p2336^l0^i030149
995    Kesorn
999 ^a ใช้งานได้ทุกระบบ
รายการนี้ยังไม่มีแท็ก
คุณยังไม่ได้ล็อกอิน คุณสามารถมีกิจกรรมร่วมกับเว็บไซต์ได้ แต่ต้องล็อกอินก่อน ::
  ล็อกอิน

รายการสื่อสารสนเทศ

ลำดับที่ ประเภท เลขเรียก/บาร์โค้ด สถานที่ สถานะ
- ไม่พบข้อมูล -

รายการใกล้เคียง
    หัวเรื่อง [Community Health Nursing]
    หัวเรื่อง [Public Health Nursing]
    หัวเรื่อง [Health Promotion]

BibComment


ยังไม่เคยถูกคอมเมนท์

คอมเมนท์ทรัพยากรรายการนี้
  คอมเมนท์: Communitypublic h..


 Copyright 2026. Bcnsprnw @Library